Princess Stories : (Record no. 16388)

MARC details
000 -LEADER
fixed length control field 01850ngm a2200349 4500
003 - CONTROL NUMBER IDENTIFIER
control field dpl
005 - DATE AND TIME OF LATEST TRANSACTION
control field 20080723110517.0
007 - PHYSICAL DESCRIPTION FIXED FIELD--GENERAL INFORMATION
fixed length control field DVD
008 - FIXED-LENGTH DATA ELEMENTS--GENERAL INFORMATION
fixed length control field ||||||sp199 xxu|||||c|||| 00| 0 eng d
010 ## - LIBRARY OF CONGRESS CONTROL NUMBER
LC control number DVD-000838-840
024 ## - OTHER STANDARD IDENTIFIER
Standard number or code A4254
Terms of availability 499.00
035 ## - SYSTEM CONTROL NUMBER
System control number DVD-000838-840
040 ## - CATALOGING SOURCE
Original cataloging agency DPL
Transcribing agency DPL
082 ## - DEWEY DECIMAL CLASSIFICATION NUMBER
Classification number DVD / PRIN
245 ## - TITLE STATEMENT
Title Princess Stories :
Statement of responsibility, etc Walt Disney Home Entertainment
Medium [videorecording] DVD/
Remainder of title Volume Three- Beauty Shines From Within
246 ## - VARYING FORM OF TITLE
Title proper/short title .
260 ## - PUBLICATION, DISTRIBUTION, ETC. (IMPRINT)
Name of publisher, distributor, etc Walt Disney Home Entertainment
300 ## - PHYSICAL DESCRIPTION
Extent 1 videodisc DVD; (64 min.) :
Other physical details sd., col. ;
Dimensions 4 3/4 in.
Type of unit DVD
440 ## - SERIES STATEMENT/ADDED ENTRY--TITLE
Title Walt Disney Home Entertainment
500 ## - GENERAL NOTE
General note Sole Distributor in India M/s. Excel Productions Autio Visuals Pvt. Ltd.
500 ## - GENERAL NOTE
General note Bonus Features: Princess Story Builder Game
500 ## - GENERAL NOTE
General note "Once Upon A Time" Begin with you and Disney Princes
500 ## - GENERAL NOTE
General note This DVD is Copy Protected
538 ## - SYSTEM DETAILS NOTE
System details note Dolby Digital 2.0 -English, Thai, Mandarin, Cantonese,Spanish, Portuguese Subtitles: English, Chinese, Bahasa, thai, Spanish, Portuguese
538 ## - SYSTEM DETAILS NOTE
System details note Aspect Ratio: 1.33:1, Presentation type: Full Frame, Presentation Size 4x3, Format DVD 9 Dual Layer Single Sided Disc.
650 ## - SUBJECT ADDED ENTRY--TOPICAL TERM
Topical term or geographic name as entry element Animated Movie
942 ## - ADDED ENTRY ELEMENTS (KOHA)
Koha item type CD-ROMs, DVDs, VHS
Source of classification or shelving scheme Dewey Decimal Classification
Classification part DVD
Call number suffix PRIN
Holdings
Withdrawn status Lost status Source of classification or shelving scheme Damaged status Not for loan Home library Current library Date acquired Source of acquisition Cost, normal purchase price Total Checkouts Total Renewals Full call number Barcode Date last seen Date checked out Copy number Cost, replacement price Price effective from Koha item type
    Dewey Decimal Classification     Central Library Central Library 08/10/2008 Purchase 499.00 9 1 DVD PRIN DVD-000838 11/01/2014 18/12/2013 1 499.00 08/10/2008 CD-ROMs, DVDs, VHS
    Dewey Decimal Classification     Patel Nagar Patel Nagar 08/10/2008 Purchase 499.00 14   DVD PRIN DVD-000840 08/02/2013 07/02/2013 1 499.00 08/10/2008 CD-ROMs, DVDs, VHS
    Dewey Decimal Classification     Sarojini Nagar Sarojini Nagar 08/10/2008 Purchase 499.00 15   DVD PRIN DVD-000839 04/02/2012 10/01/2012 1 499.00 08/10/2008 CD-ROMs, DVDs, VHS

© Delhi Public Library
Hit Counter
free hit counter